Dream Smp - Statistics

General Stats
  • This quiz has been taken 1,375 times
  • The average score is 12 of 15
Answer Stats
clue Answer % Correct
creator of the server Dream
100%
LANGUAGE!? Badboyhalo
97%
killed a woman feeling good Tommyinnit
96%
We Didn't Start The Fire Tubbo
95%
AHHHH DREAM HELP ME George
94%
wants to escape to mexico Quackity
94%
loves killing pets Sapnap
94%
deceased president Jschlatt
86%
shipped with sapnap KarlJacobs
85%
has a son Wilbur
84%
friend of wilbur Niki Nihachu
66%
hedgehog Connoreatspants
60%
baker Fundy
58%
therepy lesson Captain Puffy
53%
14 Skeppy
49%
No matching quizzes found
Score Distribution
Percent of People with Each Score
Percentile by Number Answered
Your Score History
You have not taken this quiz